000 02313nam a2200565 i 4500
001 22547
003 KOSZ 005
005 20221014094209.0
008 990506s1984 pl a |000 0 pol
015 _aUWD 1984/2438
035 _a991009778659705066
035 _a(PL-WaBN)b12641182-48omnis_nlop
035 _ab12641182
035 _a(OCoLC)830248699
035 _a(PL)b0000001264118
035 _a(EXLNZ-48OMNIS_NETWORK)9910382243105606
040 _aWA N
_cWA N
_dKR U
_dKOSZ 005/HR
041 0 _apol
_beng
046 _k1984
080 _a621.315.6
080 _a537.5
080 _a536
080 _a533.5
100 1 _aMazurek, Bolesław
_d(1938- )
_eAutor
245 1 0 _aRozwój wyładowań elektrycznych w wysokonapięciowej izolacji próżniowej :
_bzagadnienia wybrane /
_cBolesław Mazurek.
260 _aWrocław :
_bWydawnictwo PW,
_c1984.
300 _a101, [2] s. :
_bfot., rys., wykr. ;
_c24 cm.
336 _aTekst
_btxt
_2rdacontent
337 _aBez urządzenia pośredniczącego
_bn
_2rdamedia
338 _aWolumin
_bnc
_2rdacarrier
380 _aKsiążki
388 _a1901-2000
388 _a1945-1989
490 1 _aPrace Naukowe Instytutu Podstaw Elektrotechniki i Elektrotechnologii Politechniki Wrocławskiej. Monografie =
_aScientific Papers of the Institute of Electrical Engineering Fundamentatis of Wrocław Technical University. Monographs,
_x0324-945X ;
_v7
500 _aNumeracja ser. gł. : 18.
504 _aBibliogr. s. 87-100.- Sum.
650 7 _aIzolacje elektryczne
_2DBN
650 7 _aPróżnia
_2DBN
650 7 _aTechnika niskich temperatur
_2DBN
650 7 _aTechnika wysokich napięć
_2DBN
650 7 _aWyładowania elektryczne
_2DBN
658 _aFizyka i astronomia
658 _aInżynieria i technika
710 2 _aWydawnictwo Politechniki Wrocławskiej
830 0 _aPrace Naukowe Instytutu Podstaw Elektrotechniki i Elektrotechnologii Politechniki Wrocławskiej
_v18
830 0 _aPrace Naukowe Instytutu Podstaw Elektrotechniki i Elektrotechnologii Politechniki Wrocławskiej.
_pMonografie
_v7
856 _uhttp://koha.tu.koszalin.pl/cgi-bin/koha/opac-detail.pl?biblionumber=22547
_yKatalog online BPK
942 _2UKD
_cKS
999 _c22547
_d22547